| 000 | 00500nam a2200169Ia 4500 | ||
|---|---|---|---|
| 008 | 090124s9999 xx 000 0 und d | ||
| 082 | _b35416 | ||
| 100 | _aGRIFFITHS ALAN & WALL STUART | ||
| 245 | _aAPPLIED ECONOMICS AN INTRODUCTORY COURSE | ||
| 250 | _a0 | ||
| 300 | _a511 | ||
| 600 | _aGRIFFITHS ALAN & WALL STUART | ||
| 630 | _aAPPLIED ECONOMICS AN INTRODUCTORY COURSE | ||
| 700 | _aGRIFFITHS ALAN & WALL STUART | ||
| 730 | _aAPPLIED ECONOMICS AN INTRODUCTORY COURSE | ||
| 942 | _cBOOK | ||
| 999 |
_c101454 _d101454 |
||